Statistics for Philadelphia Phillies Nicknames

Click here to take the quiz!

General Stats

  • This quiz has been taken 1,236 times
    (290 since last reset)
  • The average score is 6 of 9

Answer Stats

NicknameTenurePlayer% Correct
J-Roll2000–2015Jimmy Rollins
92%
Iron Mike1972–1989Mike Schmidt
90%
The Big Piece2004–2016Ryan Howard
82%
The Flyin' Hawaiian2005–2012Shane Victorino
78%
Doc2010–2013Roy Halladay
75%
The Man / Silver Fox2003–2015Chase Utley
67%
Lefty1972–1986Steve Carlton
67%
Nails1989–1996Lenny Dykstra
47%
Dutch1983, 1985–1997Darren Daulton
42%

Score Distribution

Percentile by Number Answered

Percent of People with Each Score

Your Score History

You have not taken this quiz since the last reset